000 00738nam a2200241Ia 4500
003 OSt
005 20221006165536.0
006 a|||||r|||| 00| 0
007 ta
008 221006b |||||||| |||| 00| 0 eng d
024 _a7,764
037 _cTheseses
040 _aFML
_cFML
_beng
041 _2eng
_aeng
100 _aBharali Ravindra Au.
_9680026
110 _aDelhi University. Faculty of Music and Fine Arts. Department of Music
245 0 _aThe Study of The Lesser Known Forms of Hindustani Classical Vocal Music
260 _c2004
300 _a170
_ccm.
700 _aDelhi University. Faculty of Music and Fine Arts. Department of Music
942 _cDIS
_2CC
999 _c1121202
_d1121202